Medzinárodná menová spolupráca v 21.storočí bakalárska práca

Saved in:
Bibliographic Details
Main Author: Vaštíková, Monika
Corporate Author: Fakulta medzinárodných vzťahov EU. Katedra medzinárodných ekonomických vzťahov a hospodárskej diplomacie
Other Authors: Držka, Michal, 1989-
Format: Book
Language:Slovak
Published: Bratislava 2014
Tags: Add Tag
No Tags, Be the first to tag this record!

MARC

LEADER 00000nbm a2200000 4500
001 0187705
005 20170201090754.0
041 0 |a slo 
044 |a SK 
245 1 0 |a Medzinárodná menová spolupráca v 21.storočí  |b bakalárska práca  |c Monika Vaštíková ; školiteľ: Michal Držka 
264 1 |a Bratislava  |c 2014 
300 |a 50 s. 
100 1 |a Vaštíková, Monika 
700 1 |a Držka, Michal, 1989- 
710 2 |a Fakulta medzinárodných vzťahov EU. Katedra medzinárodných ekonomických vzťahov a hospodárskej diplomacie